000 01054naa a22003137a 4500
001 BR9510947
003 BR-BrBNA
005 20240918181801.0
007 ta
008 230509b bl.||||| |||| 00| 0 por d
040 _aBR-BrBNA
_bpor
_cBiblioteca Nacional de Agricultura
041 _a(Pt)
072 _aJ10; E70
090 _aJ10 BR9510947
100 1 _aQuinoz, F. de A.G.
111 1 _a1. Seminario Nacional de Armazenagem
_cPorto Alegre, RS (Brazil)
_d19-22 Aug 1974
245 1 _aCapacidade de armazenagem e secagem para o estado de Goias
260 3 _aPorto Alegre, RS (Brasil):
_c1974.
500 _a1. Seminario Nacional de Armazenagem. Anais Porto Alegre, RS (Brasil): 1974. p. 199-235 (BR9510947-AM)J10
650 _aArmazem
650 _aSilo
650 _aArmazenamento
650 _aEstocagem
650 _aSecagem
650 _aGoias
773 0 _t1. Seminario Nacional de Armazenagem. Anais
_wJ10 BR9510947
_gPorto Alegre, RS (Brasil), 1974. p. 199-235
909 _a202404
_bLucia
_c55
_dLucia Elande
942 _cAM
_2AGRIS
999 _c326809
_d326809